01222 a2200217 45000010006000000050017000060080041000230030015000640400040000790800034001192450067001530200018002202640029002383000019002675050540002860410008008261000020008347000024008547000031008788560095009093544920260407155636.0260407a1980 arg spa dAR-UNSa-BCEJYS aAR-UNSa-BCEJYSbspacAR-UNSa-BCEJYS a657.312xTipo de presupuestos10aPresupuesto base ceropmétodo práctico para evaluar gastos a968-18-0095-8 1aMéxico :bLimusac1980 a277 p.c24 cm. a1. El proceso de elaboración de presupuestos base cero - 2. Problemas y beneficios de la implementación del presupuesto base cero - 3.¿ Dónde se deben elaborar los paquetes de decisión? - 4. Forma para los paquetes de decisión - 5. Procedimientos para un método eficaz de clasificación - 6. Dinámica del proceso - 7. Administración del proceso del presupuesto base cero - 8. Presupuesto base cero y PPP - 9. Aplicaciones de las computadoras - 10. Procesos de elaboración de presupuestos base cero y administrativo. aspa1 aPyhrr, Peter A.1 aCorral Camu, Leonor1 aIbarreche Suarez, Santiago41uhttps://biblioeco.unsa.edu.ar/pmb/images/libros/L125735.jpgyImagen de portadaqimage/jpeg